Integer programming : theory and practice

Αποθηκεύτηκε σε:
Λεπτομέρειες βιβλιογραφικής εγγραφής
Άλλοι συγγραφείς: Karlof, John K. (Επιμελητής έκδοσης)
Μορφή: Βιβλίο
Γλώσσα:English
Δημοσίευση: Boca Raton, FL : Taylor & Francis, c2006
Σειρά:Operations research series
Θέματα:
Ετικέτες: Προσθήκη ετικέτας
Δεν υπάρχουν, Καταχωρήστε ετικέτα πρώτοι!

MARC

LEADER 00000nam a2200000 i 4500
001 1/59188
008 071018s2006 eng d
020 |a 0-8493-1914-5 
035 |l 10091616 
040 |a GR-MY-UA  |b gre  |e aacr 
041 0 |a eng 
082 0 |a 519.77  |2 (22) 
245 1 0 |a Integer programming :  |b theory and practice /  |c edited by John K. Karlof 
260 |a Boca Raton, FL :   |b Taylor & Francis,   |c c2006 
300 |a 316 σ.;  |b σχέδια;  |c 24 εκ. 
490 1 |a Operations research series 
504 |a Περιλαμβάνει βιβλιογραφικές παραπομπές και ευρετήριο 
650 0 0 |a Integer programming. 
700 1 |a Karlof, John K.  |4 edt 
830 0 |a Operations research series 
852 |a INST  |b CHIOS  |e 20071018  |h 519.77 KAR  |p 005200028592  |q 005200028592  |t BK  |y 0 
901 |a BIBL2-2007-3 
909 |a Χ  |b 139776 
922 |a 2ΕΛΗ  |b 200710  |c ΕΠΕΑΕΚ2/ΤΜΟΔ  |d ΠΑΠΑΣΩΤΗΡΙΟΥ 
970 |a ΒΑΣΙΛΑΚΗ  |b ΝΙΚΗ  |z 2007/10/18